Historia, política y ética de la verdad en Chile: 1891-2001, reflexiones sobre la paz social y la impunidad
Saved in:
| Main Authors: | , |
|---|---|
| Andre forfattere: | , |
| Format: | Bog |
| Sprog: | spansk |
| Udgivet: |
Santiago, Chile
LOM
2001
|
| Serier: | Colección Sin Norte
|
| Fag: | |
| Tags: |
Tilføj Tag
Ingen Tags, Vær først til at tagge denne postø!
|
MARC
| LEADER | 00000nam a2200000 a 4500 | ||
|---|---|---|---|
| 001 | UCM9061 | ||
| 003 | CL-VaPUC | ||
| 005 | 20230110074235.0 | ||
| 008 | 030411e20011200CL |||||||||||||||||spa|d | ||
| 999 | |c 303440 |d 303438 | ||
| 020 | |a 9562824187 | ||
| 040 | |c Pontificia Universidad Católica de Valparaíso | ||
| 082 | 0 | 4 | |a 983.064 LIR 2001 |2 21 |
| 100 | |a Lira Kornfeld, Elizabeth |e autora |9 621801 | ||
| 245 | 1 | 0 | |a Historia, política y ética de la verdad en Chile: |b 1891-2001, reflexiones sobre la paz social y la impunidad |
| 260 | |a Santiago, Chile |b LOM |c 2001 | ||
| 300 | |a 310 páginas | ||
| 490 | 0 | |a Colección Sin Norte | |
| 583 | |a last modification |c 20030411 00:00:00 |k Rodrigo Vera | ||
| 650 | 0 | |a Historia de Chile |9 265473 | |
| 650 | 0 | |a Política y gobierno |z CHILE |9 255151 | |
| 650 | 0 | |a Conflicto social |z CHILE |9 255404 | |
| 650 | 0 | |a Derechos humanos |z CHILE |9 223025 | |
| 700 | |a Loveman, Brian |e autor |9 576386 | ||
| 700 | |a Mifsud, Tony, |c S. J. |e autor |9 600778 | ||
| 700 | 0 | |a Salvat, Pablo |e author |9 475412 | |
| 852 | |a BIBCUR | ||
| 942 | |c BK |2 ddc | ||
| 945 | |d 20030411 00:00:00 |a vberengu | ||
| 952 | |0 0 |1 0 |2 ddc |4 0 |6 983_064000000000000_LIR_2001 |7 0 |8 A |9 364734 |a BIBHIS |b BIBHIS |d 2019-11-21 |i 3892816 |l 1 |m 1 |o 983.064 LIR 2001 |p 3892816 |r 2025-03-07 |s 2024-09-30 |t 1 |w 2019-11-21 |y BK |k HIS | ||
| 952 | |0 0 |1 0 |2 ddc |4 0 |6 983_064000000000000_LIR_2001 |7 0 |8 A |9 364735 |a BIBGIM |b BIBGIM |d 2019-11-21 |i 3895475 |o 983.064 LIR 2001 |p 3895475 |r 2025-01-15 |t 4 |w 2019-11-21 |y BK |k SSL | ||
| 952 | |0 0 |1 0 |2 ddc |4 0 |6 983_064000000000000_LIR_2001 |7 0 |8 A |9 364736 |a BIBHIS |b BIBHIS |d 2019-11-21 |i 4093704 |l 3 |o 983.064 LIR 2001 |p 4093704 |r 2025-01-20 |s 2024-10-04 |t 2 |w 2019-11-21 |y BK |k HIS | ||
| 952 | |0 0 |1 0 |2 ddc |4 0 |6 983_064000000000000_LIR_2001 |7 0 |8 A |9 364737 |a BIBHIS |b BIBHIS |d 2019-11-21 |i 4206223 |l 2 |o 983.064 LIR 2001 |p 4206223 |r 2025-01-20 |s 2024-10-03 |t 3 |w 2019-11-21 |y BK |k HIS | ||